000
00302nam a2200097Ia 4500
008
220204s9999 xx 000 0 und d
082
_a
338.45:31
_b
MON
245
0
_a
Monthly statistics of the foreign trade of India, March 1963. V 2. Imports
260
_a
Delhi
_b
Manager of Publications
_c
1963
942
_c
BK
999
_c
20238
_d
20238